Advances in multimedia and databases for the new century : a Swiss/Japanese perspective Kyoto, Japan, 30 Nov.-2 Dec. 1999

Αποθηκεύτηκε σε:
Λεπτομέρειες βιβλιογραφικής εγγραφής
Άλλοι συγγραφείς: Masunaga, Y. (Yoshifumi) 1941- (Επιμελητής έκδοσης), Spaccapietra, S. (Επιμελητής έκδοσης)
Μορφή: Βιβλίο
Γλώσσα:English
Δημοσίευση: Singapore : World Scientific, c2000
Σειρά:Advances database research and development series ; ; 10
Θέματα:
Ετικέτες: Προσθήκη ετικέτας
Δεν υπάρχουν, Καταχωρήστε ετικέτα πρώτοι!

MARC

LEADER 00000nam a2200000 i 4500
001 1/76698
008 080305s2000 eng d
020 |a 981-02-4310-3 
035 |l 10095255 
040 |a GR-MY-UA  |b gre  |e aacr 
041 0 |a eng 
082 0 |a 005.74  |2 (22) 
245 1 0 |a Advances in multimedia and databases for the new century :  |b a Swiss/Japanese perspective Kyoto, Japan, 30 Nov.-2 Dec. 1999 /  |c editors, Yoshifumi Masunaga, Stefano Spaccapietra 
260 |a Singapore :   |b World Scientific,   |c c2000 
300 |a viii, 215 σ.;  |b εικ.;  |c 29 εκ. 
490 1 |a Advances database research and development series  |v ; 10 
504 |a Περιέχει βιβλιογραφικές παραπομπές και ευρετήριο 
650 0 0 |a Database management  |x Congresses. 
650 0 0 |a Multimedia systems  |x Congresses. 
700 1 |a Masunaga, Y.  |q (Yoshifumi)  |d 1941-  |4 edt 
700 1 |a Spaccapietra, S.  |4 edt 
830 0 |a Advances database research and development series ;  |v ; 10 
852 |a INST  |b SAMOS  |e 20080305  |h 005.74 ADV  |p 005300026728  |q 005300026728  |t BK  |y 0 
901 |a BIBL3-2008-1 
909 |a Σ  |b 146202 
922 |a 3ΕΛΗ  |b 200802  |c ΕΠΕΑΕΚ2/ΤΜΠΕΣ  |d ΠΑΠΑΣΩΤΗΡΙΟΥ 
970 |a ΡΟΥΣΣΟΥ  |b ΚΩΝΣΤΑΝΤΙΝΑ  |z 2008/03/05